Days of the Week - Statistics

General Stats
  • This quiz has been taken 40 times
  • The average score is 7 of 7
Answer Stats
Day % Correct
Friday
100%
Monday
96%
Sunday
96%
Thursday
96%
Wednesday
96%
Tuesday
93%
Saturday
89%
No matching quizzes found
Score Distribution
Percent of People with Each Score
Percentile by Number Answered
Your Score History
You have not taken this quiz